000 03206nab a2200289 i 4500
003 BR-BrBNA
005 20240815124057.0
008 240815b2016 bl.mr|pooa||| 00| 0 eng |
040 _aBR-BrBNA
_beng
072 _aF02
_b1118
100 _aAlves, Ediane Conceição
100 _aGuimarães, João Emmanuel Ribeiro
100 _aFranco, Camila Kauffmann Becaro
100 _aMartins, Antonio Baldo Geraldo
245 _aNumber of leaflets on rooting of lychee herbaceous cuttings
500 _aPublicação on-line; 12 ref.; 2 illus; Sumaries (En, Pt)
520 _a ABSTRACT - Lychee is one of the most popular exotic fruits in Brazil, and has both in natura and industrial potential. The objective of the present study was to evaluate the influence of the number of leaflets on lychee herbaceous cuttings treated with the indolebutyric acid (1000mg L-1). The experimental design was completely randomized, with 4 replications and 10 cuttings per experimental plot. Treatments consisted of cuttings with zero (0), one (1), two (2), three (3), and four (4) leaflets. After 180 days, the rooting and survival percentages and the number and length of roots were evaluated. The data were subjected to polynomial regression analysis. The increase in the number of leaflets was advantageus for all studied variables, with an increase in the survival, rooting of cuttings, and number and length of roots. The herbaceous cuttings of lychee tree are viable, provided that at least four leaflets remain in the herbaceous cutting. Key words: leaflets, propagation, cutting, Litchi chinensis.
520 _a RESUMO - A lichia é umas das frutas exóticas mais populares no Brasil e apresenta potencial tanto in natura quanto industrial. O objetivo deste estudo foi avaliar a influência do número de folíolos em estacas herbáceas de lichieira tratadas com ácido indolbutírico (1000mgL-1). O delineamento experimental foi inteiramente casualizado, com 4 repetições e 10 estacas por parcela experimental. Os tratamentos consistiram em estacas com zero (0), um (1), dois (2), três (3) e quatro (4) folíolos. Após 180 dias, as porcentagens de enraizamento e sobrevivência,bem como o número e comprimento de raízes foram avaliados. Os dados foram submetidos à análise de regressão polinomial. O aumento no número de folíolos foi vantajoso para todas as variáveis avaliadas, com um correspondente aumento na sobrevivência, enraizamento das estacas e número e comprimento das raízes. A estaquia de ramos herbáceos da lichieira é viável, desde que pelo menos quatro folíolos sejam mantidos na estaca. Palavras-chave: folíolos, propagação, estaquia, Litchi chinensis.
650 _aLICHIA
650 _aFRUTA TROPICAL
650 _aENRAIZAMENTO DE ESTACA
650 _aPROPAGAÇÃO VEGETATIVA
773 0 _02408
_9314928
_dSanta Maria-RS Universidade Federal de Santa Maria - Centro de Ciências Rurais 1991
_o2024-1179
_tCiência Rural (Brazil)
_x0103-8478
_gv. 46(6) p. 1003-1006; (2016)
_wBR2024001332
856 _uhttps://www.scielo.br/j/cr/a/jHWxCVt8NBTRvSMCJns8yvt/?format=pdf&lang=en
942 _cAnalítica
999 _c300901
_d300901